000 00408nam a22001457a 4500
005 20250630125615.0
008 250630b |||||||| |||| 00| 0 eng d
020 _a9780310202813
050 _aBS1904
_b.15 MOU
245 _aTHE ANALYTICAL GREEK LEXICON REVISED
_cEDITED BY MOULTON HAROLD K.
260 _aMICHIGAN
_bREGENCY
_cc1977
300 _axlvi, 448p
700 _aMOULTON HAROLD K.
942 _2lcc
_cBK
_n0
999 _c6785
_d6785